01058cam a22002891 4500001001300000003000400013005001700017008004100034010001700075025001900092040002300111050002100134082000800155111005500163245001700218260006400235300004600299350001000345490006300355500013200418504002900550650001900579710005200598710003000650830007100680999001700751sa 68015641 DLC20260227112645.0700319s1966 ii ab b 100 0 eng  asa 68015641  aPL480:I-E-8037 aDLCcDLCdICUdDLC00aQE289b.S87 196500a5552 aSymposium on Tectonicsd(1965 :cHyderabad, India)00aProceedings. aNew Delhi,bNational Institute of Sciences of India,c1966. a110 p.billus., maps (part fold.)c24 cm. a10.001 aNational Institute of Sciences of India. Bulletin,vno. 32 a"Held at the Regional Research Laboratory, Hyderabad on December 23, 1965, in collaboration with the Indian Geophysical Union." aIncludes bibliographies. 0aGeologyzAsia.2 aRegional Research Laboratory (Hyderabad, India)2 aIndian Geophysical Union. 0aBulletin of the National Institute of Sciences of India ;vno. 32. c86578d86578